000 00722nam a22001697a 4500
999 _c60913
_d60913
005 20231117123650.0
008 231117s1974 ru ||||| |||| 00| 0 rus d
041 _arus
080 _a94:316 П-26
245 _aПервобытное общество :
_bОсновные проблемы развития /
_cРед. А.И. Першиц.
264 _aМосква :
_bНаука,
_c1975.
300 _a285 с.;
_b23 см.
653 _aპირველყოფილი საზოგადოება
653 _aგანვითარების ძირითადი პრობლემები
700 _aПершиц, А.И.
_eრედაქტორი
_920421
942 _2udc
_cᲬᲘᲒᲜᲘ